Tesoros arquitectónicos del centro de Santiago
Sparad:
| Huvudupphovsmän: | , , , , , |
|---|---|
| Materialtyp: | Bok |
| Språk: | spanska |
| Publicerad: |
Santiago
ARC
2008
|
| Upplaga: | 1a. ed |
| Ämnen: | |
| Taggar: |
Lägg till en tagg
Inga taggar, Lägg till första taggen!
|
MARC
| LEADER | 00000nam a2200000 a 4500 | ||
|---|---|---|---|
| 001 | UCH4933 | ||
| 003 | CL-VaPUC | ||
| 008 | 090910e20080400CL |||||||||||||||||spa|d | ||
| 020 | |a 9789568743000 | ||
| 082 | 0 | 4 | |a 911.09 |b ROD |2 21 |
| 100 | 0 | |a Rodríguez-Cano Samaniego, Soledad |e author |9 540979 | |
| 700 | 0 | |a Irarrázaval Zegers, Amaya |e author |9 540980 | |
| 700 | 0 | |a García-Huidobro Villalón, Francisco |e author |9 540981 | |
| 700 | 0 | |a Bravo Lira, Bernardino |e author |9 540982 | |
| 700 | 0 | |a Mendizabal Sanguinetti, Marcos |e author |9 540983 | |
| 700 | 0 | |a Ulibarri Lorenzini, Ximena |e author |9 540984 | |
| 245 | 1 | 0 | |a Tesoros arquitectónicos del centro de Santiago |
| 250 | |a 1a. ed | ||
| 300 | |a 297 p | ||
| 942 | |c BK | ||
| 945 | |d 20090910 00:00:00 |a dcastane | ||
| 260 | |a Santiago |b ARC |c 2008 | ||
| 600 | 0 | 7 | |a PLAZA DE ARMAS |2 CL-VaPUC |9 506190 |
| 600 | 0 | 7 | |a PARROQUIA DEL SAGRARIO |2 CL-VaPUC |9 540985 |
| 600 | 0 | 7 | |a PALACIO DE LA MONEDA |2 CL-VaPUC |9 439899 |
| 600 | 0 | 7 | |a PALACIO DEL CABILDO |2 CL-VaPUC |9 540986 |
| 600 | 0 | 7 | |a PALACIO DE LOS GOBERNADORES |2 CL-VaPUC |9 540987 |
| 600 | 0 | 7 | |a PALACIO DE LA REAL ADUANA |2 CL-VaPUC |9 540988 |
| 600 | 0 | 7 | |a PALACIO DE LA REAL AUDIENCIA |2 CL-VaPUC |9 540989 |
| 600 | 0 | 7 | |a CERRO SANTA LUCIA |2 CL-VaPUC |9 463291 |
| 600 | 0 | 7 | |a PALACIO ARZOBISPAL |2 CL-VaPUC |9 540990 |
| 600 | 0 | 7 | |a TEATRO MUNICIPAL |2 CL-VaPUC |9 266578 |
| 600 | 0 | |a Congreso Nacional de Chile |9 256491 | |
| 600 | 0 | 7 | |a MERCADO CENTRAL |2 CL-VaPUC |9 540991 |
| 600 | 0 | 7 | |a CUERPO DE BOMBEROS |2 CL-VaPUC |9 540992 |
| 600 | 0 | 7 | |a PARQUE FORESTAL |2 CL-VaPUC |9 540993 |
| 600 | 0 | 7 | |a ESTACION MAPOCHO |2 CL-VaPUC |9 517807 |
| 600 | 0 | 7 | |a MUSEO NACIONAL DE BELLAS ARTES |2 CL-VaPUC |9 540994 |
| 600 | 0 | 7 | |a PALACIO DE TRIBUNALES DE JUSTICIA |2 CL-VaPUC |9 540995 |
| 600 | 0 | 7 | |a EDIFICIO DEL DIARIO ILUSTRADO |2 CL-VaPUC |9 540996 |
| 600 | 0 | 7 | |a BIBLIOTECA NACIONAL |2 CL-VaPUC |9 511868 |
| 600 | 0 | 7 | |a BOLSA DE COMERCIO |2 CL-VaPUC |9 506566 |
| 600 | 0 | 7 | |a CLUB DE LA UNION |2 CL-VaPUC |9 517805 |
| 650 | 0 | |a Patrimonio arquitectónico |9 488599 | |
| 650 | 0 | |a Patrimonio cultural |9 309364 | |
| 650 | 0 | |a Edificios públicos |9 269003 | |
| 650 | 0 | |a Santiago de Chile |x Arquitectura |9 540997 | |
| 583 | |a last modification |c 20130925 07:59:30 |k Rodrigo Vera | ||
| 999 | |c 336164 |d 336162 | ||
| 952 | |0 0 |1 0 |4 0 |6 911_090000000000000_ROD_2008 |7 0 |8 X |9 427141 |a FDOBUD |b FDOBUD |d 2019-11-22 |i 4598954 |o 911.09 ROD 2008 |p 4598954 |r 2019-11-22 |w 2019-11-22 |y BK_X |k BUD | ||